|
|
|
|
| LEADER |
00000nam a2200000 i 4500 |
| 001 |
DIGBRUJ382 |
| 003 |
NyNyDIG |
| 007 |
cr ||||||||||| |
| 008 |
230114s2021 ag ob 000 0 spa d |
| 006 |
m o d |
| 035 |
|
|
|a (OCoLC)1331020605
|
| 040 |
|
|
|a DGITA
|b eng
|e rda
|e pn
|c DGITA
|
| 020 |
|
|
|a 9789877604030
|q eBook
|
| 020 |
|
|
|z 9789877604009
|
| 050 |
1 |
4 |
|a RJ206 ebook
|
| 082 |
1 |
4 |
|a 613.2
|
| 100 |
1 |
|
|a Grande, María del Carmen,
|e author.
|
| 245 |
1 |
0 |
|a Nutrición en la primera etapa del ciclo vital :
|b embarazo, postparto, infancia y adolescencia /
|c María del Carmen Grande, María Dolores Román.
|
| 250 |
|
|
|a 1a ed.
|
| 264 |
|
1 |
|a Córdoba, Argentina :
|b Editorial Brujas,
|c [2021]
|
| 300 |
|
|
|a 1 online resource.
|
| 336 |
|
|
|a text
|b txt
|2 rdacontent
|
| 337 |
|
|
|a computer
|b c
|2 rdamedia
|
| 338 |
|
|
|a online resource
|b cr
|2 rdacarrier
|
| 347 |
|
|
|a text file
|2 rdaft
|
| 347 |
|
|
|b PDF
|
| 504 |
|
|
|a Includes bibliographical references.
|
| 588 |
0 |
|
|a Online resource; title from PDF title page (Digitalia, viewed January 14, 2023)
|
| 650 |
|
0 |
|a Pregnancy
|x Nutritional aspects.
|
| 650 |
|
0 |
|a Children
|x Nutrition.
|
| 650 |
|
0 |
|a Teenagers
|x Nutrition.
|
| 700 |
1 |
|
|a Román, María Dolores,
|e author.
|
| 791 |
2 |
|
|a Digitalia (Firm),
|e distributor.
|
| 793 |
0 |
|
|g Digitalia eBook Collection:
|a Editorial Brujas
|
| 776 |
0 |
8 |
|i Print version:
|a Grande, María del Carmen.
|t Nutrición en la primera etapa del ciclo vital.
|b 1a ed.
|d Córdoba, Argentina : Editorial Brujas, [2021]
|z 9789877604009
|
| 856 |
4 |
0 |
|3 Digitalia Hispánica
|u https://www.digitaliapublishing.com/a/115307/
|
| 910 |
|
|
|a Premium collection: 2023
|